The Radio Game Quiz Stats

 Plays Quiz Updated Oct 12, 2016

Score 0/22 Timer 07:00
0 Plays Today
Clue Answer % Correct
This band said 'pay what you want' to download their 2007 album 'In Rainbows'Radiohead
75.5%
Chain of electronics retail stores, Howie Long was once a spokesmanRadio Shack
74.2%
The first song ever shown on MTV, it was performed by The BugglesVideo Killed The Radio Star
70.1%
Branch of medicine concerned with the use of X-rays in the diagnosis and treatment of diseaseRadiology
64.2%
Home of the Rockettes, it is literally across the street from 30 RockRadio City Music Hall
62.1%
The classic little red wagon or film that was Elijah Wood's first starring roleRadio Flyer
52.2%
Bart Simpson's favorite superheroRadioactive Man
42.8%
The singer of 'Poker Face' and 'Just Dance' claims her stage name was inspired by this Queen songRadio Ga Ga
41.6%
Jon Lovitz replaced the late Phil Hartman in this sitcom set at WNYX.NewsRadio
32.9%
In the military, this term means 'stop all transmissions'.Radio silence
32.4%
A top ten hit for Donna Summer and the name of her first greatest hits albumOn The Radio
23.6%
Clue Answer % Correct
Everclear's ode to a now largely underused process of broadcastingAM Radio
21.1%
American government sponsored broadcasts aimed behind the Iron CurtainRadio Free Europe
18.6%
The legally questionable subject of 'The Boat That Rocked'Pirate radio
15.1%
Woody Allen's only film to feature both Mia Farrow and Diane KeatonRadio Days
14.6%
On Saturday Night Live, Elvis Costello famously stopped in mid-performance then played this songRadio Radio
11.4%
1988 Oliver Stone movieTalk Radio
10.2%
Rush recorded this song as a tribute to a Toronto FM station that didn't play RushThe Spirit Of Radio
9.5%
Not surprisingly, this song was written and performed by The ClashThis Is Radio Clash
5.4%
This one-hit one-man band copied the title 'Standing Outside A Broken Phone Booth With Money In My Hand' from a Bruce Cockburn compositionPrimitive Radio Gods
4.2%
Subtitle of the wordy 1974 Reunion hit 'Life Is A Rock'(But The Radio Rolled Me)
2.8%
Quentin Tarantino played 'Johnny Destiny' in this crime comedyDestiny Turns On The Radio
2%

You're not logged in!

Compare scores with friends on all Sporcle quizzes.
OR
Log In

Sporcle TV

Today on Sporcle TV


Watch our educational content, quiz creation guides, and fun videos on Sporcle TV.

Show Comments

Extras

Top Quizzes Today


Score Distribution

Your Account Isn't Verified!

In order to create a playlist on Sporcle, you need to verify the email address you used during registration. Go to your Sporcle Settings to finish the process.

Report this User

Report this user for behavior that violates our Community Guidelines.

Details: